Random Numerals in Devanagari - Statistics

General Stats
  • This quiz has been taken 272 times
  • The average score is 19 of 20
Answer Stats
Hint Answer % Correct
११ 11
98%
२० 20
98%
4
98%
8
98%
9
98%
5
97%
१० 10
96%
2
96%
3
96%
6
96%
7
96%
1
95%
१२ 12
95%
१३ 13
95%
१४ 14
95%
१५ 15
95%
१८ 18
94%
१९ 19
94%
१६ 16
93%
१७ 17
93%
No matching quizzes found
Score Distribution
Percent of People with Each Score
Percentile by Number Answered
Your Score History
You have not taken this quiz